| 000 | 00531nam a2200181 i 4500 | ||
|---|---|---|---|
| 001 | 59401 | ||
| 003 | ES-MaACL | ||
| 005 | 20230906164026.0 | ||
| 007 | t| | ||
| 008 | 031029s1969 sp ||||1| spa d | ||
| 100 | 1 |
_aEll, Ernst. _947017 |
|
| 245 | 1 | 3 |
_aLa juventud _b: camino del matrimonio / _cErnst Ell, Heinrich Klomps ; traducción por Diorki. |
| 260 |
_aMadrid : _bStudium, _c[1969] |
||
| 300 |
_a136 p. ; _c18 cm. |
||
| 700 | 1 |
_aKlomps, Heinrich. _968288 |
|
| 710 | 2 |
_aDiorki. _93392 |
|
| 852 |
_aES-MaACL _jC-50831 _bR.72117 |
||
| 999 |
_c59401 _d59401 |
||